ABA Immigration Compliance and Best Practices

Bibliographic Details
Main Author: Miller, Charles M.
Other Authors: Brown, Daniel, Seid, Marcine Anne
Format: Book
Language:English
Published: Chicago: American Bar Association, 2018
Subjects:
Online Access:Acceso restringido

MARC

LEADER 00000nam a22000007a 4500
005 20210224215844.0
007 cr|||| |||
008 210224s2018 us ||||| |||| 00| 0 eng d
020 |a 9781641052313 
035 |a 31230 
040 |a vLex 
090 |c 11257  |d 11257 
100 1 |a Miller, Charles M. 
245 1 0 |a ABA Immigration Compliance and Best Practices  |h [Recurso electrn̤ico] /  |c Charles M. Miller, Daniel Brown, Marcine Anne Seid 
256 |a Servicio en ln̕ea 
260 |a Chicago:  |b American Bar Association,  |c 2018 
300 |a 1 recurso electrn̤ico 
500 |a ABA Immigration Compliance and Best Practices focuses on the best practices that will ensure that your employer is protected by effective compliance solutions. This is the book that you will keep close at hand and use repeatedly to accomplish your employer’s immigration compliance goals. 
506 1 |a Disponible solo en los productos indicados  |d vLex Global  |d vLex Global (Academic Edition, excluding Law Schools)  |d vLex Global (Academic Edition, Law Schools) 
650 0 4 |a Gobierno  |z Estados Unidos 
650 0 4 |a Derecho Pb︢lico y Administrativo  |z Estados Unidos 
700 1 |a Brown, Daniel 
700 1 |a Seid, Marcine Anne 
740 0 |a vLex Libros (Servicio en ln̕ea) 
856 4 0 |u http://vlex.com/source/aba-immigration-compliance-and-best-practices-31230  |z Acceso restringido 
942 |c BOOK 
999 0 |a Government 
999 0 |a Public and Administrative Law